Morals and manners in islam : (Record no. 347667)

000 -LEADER
fixed length control field 00771 a2200169 4500
020 ## - INTERNATIONAL STANDARD BOOK NUMBER
International Standard Book Number 0860371689 (paperback)
020 ## - INTERNATIONAL STANDARD BOOK NUMBER
International Standard Book Number 9780860371687 (paperback)
082 04 - DEWEY DECIMAL CLASSIFICATION NUMBER
Classification number 297
090 ## - LOCALLY ASSIGNED LC-TYPE CALL NUMBER (OCLC); LOCAL CALL NUMBER (RLIN)
-- 5252
-- 5252
100 1# - MAIN ENTRY--PERSONAL NAME
Personal name Al-Kaysi, Marwan Ibrahim.
245 10 - TITLE STATEMENT
Title Morals and manners in islam :
Remainder of title a guide to islamic adab /
Statement of responsibility, etc. Marwan Ibrahim Al-Kaysi.
260 ## - PUBLICATION, DISTRIBUTION, ETC.
Place of publication, distribution, etc. [S.l.] :
Name of publisher, distributor, etc. Islamic Foundation,
Date of publication, distribution, etc. 1986.
300 ## - PHYSICAL DESCRIPTION
Extent 200 p. ;
Dimensions 21 cm.
520 ## - SUMMARY, ETC.
Summary, etc. This compendium of rules regulating Islamic conduct at the personal, familial, social and other levels is a brief yet comprehensive handbook for Muslims and those non-Muslims interested in the Muslim way of life.
856 40 - ELECTRONIC LOCATION AND ACCESS
Materials specified Amazon.com
Uniform Resource Identifier <a href="http://www.amazon.com/exec/obidos/ASIN/0860371689/chopaconline-20">http://www.amazon.com/exec/obidos/ASIN/0860371689/chopaconline-20</a>
942 ## - ADDED ENTRY ELEMENTS (KOHA)
Institution code [OBSOLETE] NBS
Koha item type Book
Call number prefix 297.44 IBR
Holdings
Withdrawn status Lost status Damaged status Not for loan Permanent Location Current Location Shelving location Date acquired Total Checkouts Full call number Barcode Date last seen Date last checked out Price effective from Koha item type
        Central Library (CL) Central Library (CL) First Floor - Islam 08/28/2013 6 297.44 IBR NBS7090 09/15/2022 06/17/2022 08/28/2013 Book
© 2023 Central Library, National University of Sciences and Technology. All Rights Reserved.